| 000 | 00832nam a2200265 a 4500 | ||
|---|---|---|---|
| 008 | |||
| 020 | _a0195136667 (hbk.) | ||
| 049 | _aMAIN | ||
| 090 | _aTK454DEC | ||
| 100 | _aDeCarlo, Raymond A. | ||
| 245 | 0 |
_aLinear circuit analysis / _cRaymond A. DeCarlo, Pen-Min Lin. |
|
| 250 | _a2nd ed. | ||
| 260 |
_aNew York : _bOxford University Press, _c2001. |
||
| 300 |
_axvi, 1008 p. : _c26 cm. |
||
| 440 | _aThe Oxford series in electrical and computer engineering. | ||
| 500 | _aIncludes index. | ||
| 504 | _aIncludes bibliographical references. | ||
| 650 |
_aElectric circuit analysis _vElectric circuits, linear. |
||
| 700 | _aLin, Pen-Min. | ||
| 907 |
_a.b10095378 _b17-01-07 _c24-11-03 |
||
| 003 | |||
| 005 | 20230123134247.0 | ||
| 040 | _cNUST | ||
| 942 |
_cBOOKS _kTK454DEC |
||
| 999 |
_c162813 _d162813 |
||